El Conde de Monte Cristo / (Record no. 57916)

MARC details
000 -LEADER
campo de control de longitud fija 00804nam a2200229 i 4500
001 - NÚMERO DE CONTROL
campo de control 57916
003 - IDENTIFICADOR DE NÚMERO DE CONTROL
campo de control ES-MaACL
005 - FECHA Y HORA DE LA ÚLTIMA TRANSACCIÓN
campo de control 20250704062528.0
007 - CAMPO FIJO DE DESCRIPCIÓN FÍSICA--INFORMACIÓN GENERAL
campo de control de longitud fija t|
008 - DATOS DE LONGITUD FIJA--INFORMACIÓN GENERAL
campo de control de longitud fija 031020s1958 sp ||||1| spa d
100 1# - ENTRADA PRINCIPAL--NOMBRE DE PERSONA
Nombre de persona Dumas, Alexandre,
Fechas asociadas al nombre 1802-1870
Término indicativo de función/relación Autor
9 (RLIN) 241135
245 13 - MENCIÓN DEL TÍTULO
Título El Conde de Monte Cristo /
Mención de responsabilidad, etc. Alejandro Dumas (padre) ; traducción directa del francés por María Teresa García ; prólogo de Salvador Bordoy Luque.
260 ## - PUBLICACIÓN, DISTRIBUCIÓN, ETC.
Lugar de publicación, distribución, etc. Madrid :
Nombre del editor, distribuidor, etc. Aguilar,
Fecha de publicación, distribución, etc. 1958 (
Fabricante Gráf. Dirección)
300 ## - DESCRIPCIÓN FÍSICA
Extensión 2 t. :
Otras características físicas retr. aut. ;
Dimensiones 17 cm.
490 1# - MENCIÓN DE SERIE
Mención de serie El lince inquieto
700 1# - ENTRADA AGREGADA--NOMBRE PERSONAL
Nombre de persona García, María Teresa.
9 (RLIN) 54076
700 1# - ENTRADA AGREGADA--NOMBRE PERSONAL
Nombre de persona Bordoy Luque, Salvador.
9 (RLIN) 30424
830 0# - PUNTO DE ACCESO ADICIONAL DE SERIE-TÍTULO UNIFORME
Título uniforme El lince inquieto
9 (RLIN) 182633
852 ## - LOCALIZACIÓN
Ubicación ES-MaACL
Número de control de estantería C-15201-2
Sublocalización o colección R.42458
942 ## - ELEMENTOS DE ENTRADA SECUNDARIOS (KOHA)
Fuente del sistema de clasificación o colocación Clasificación decimal universal
Holdings
Estatus retirado Estado de pérdida Estado de daño No para préstamo Biblioteca de origen Biblioteca actual Ubicación en estantería Fecha de adquisición Fuente de adquisición Total de préstamos Signatura topográfica completa Código de barras Visto por última vez Precio de reemplazo Tipo de ítem Koha
        Biblioteca del Ateneo de Madrid Biblioteca del Ateneo de Madrid Ficheros 17/01/2008     C-15201-2 1060786 23/02/2023 23/02/2023 Libro impreso